| 000 | 00539nam a22001937a 4500 | ||
|---|---|---|---|
| 003 | OSt | ||
| 005 | 20160113163605.0 | ||
| 008 | 150220b xxu||||| |||| 00| 0 eng d | ||
| 020 | _a950-07-0320-3 | ||
| 040 | _cBMC | ||
| 082 | _a863.99361 | ||
| 100 | 1 |
_913829 _aGarcía Márquez, Gabriel _d1927-2014 |
|
| 245 | 1 | 3 |
_aEl amor en los tiempos del cólera _cGabriel García Márquez |
| 250 | _a16ª ed | ||
| 260 |
_aBuenos Aires _bSudamericana _ccop. 1985 |
||
| 300 |
_a451 p. _c20 cm |
||
| 650 | 2 | 4 |
_929652 _aNovela colombiana |
| 942 |
_2ddc _cBK |
||
| 999 |
_c18798 _d18798 |
||